La naranja mecánica / (Record no. 10765)

MARC details
000 -LEADER
campo de control de longitud fija 00699nam a2200241 i 4500
001 - NÚMERO DE CONTROL
campo de control 10765
003 - IDENTIFICADOR DE NÚMERO DE CONTROL
campo de control ES-MaACL
005 - FECHA Y HORA DE LA ÚLTIMA TRANSACCIÓN
campo de control 20230906145944.0
007 - CAMPO FIJO DE DESCRIPCIÓN FÍSICA--INFORMACIÓN GENERAL
campo de control de longitud fija t|
008 - DATOS DE LONGITUD FIJA--INFORMACIÓN GENERAL
campo de control de longitud fija 900403r19881976sp ||||0| spa j ..|
015 ## - NÚMERO DE BIBLIOGRAFÍA NACIONAL
Número de bibliografía nacional 1990-MAR-5732
016 7# - NÚMERO DE CONTROL DE UNA AGENCIA BIBLIOGRÁFICA NACIONAL
Número de control cancelado/no válido SAB9000077310
020 ## - NÚMERO INTERNACIONAL ESTÁNDAR DEL LIBRO
Número Internacional Estándar del Libro 84-450-7016-9
040 ## - FUENTE DE CATALOGACIÓN
Centro catalogador/agencia de origen M-BN-DP
Lengua de catalogación spa
Centro/agencia transcriptor M-BN-DP
080 ## - NÚMERO DE LA CLASIFICACIÓN DECIMAL UNIVERSAL
Número de la Clasificación Decimal Universal 820-31"19"
100 1# - ENTRADA PRINCIPAL--NOMBRE DE PERSONA
Nombre de persona Burgess, Anthony.
9 (RLIN) 32632
245 13 - MENCIÓN DEL TÍTULO
Título La naranja mecánica /
Mención de responsabilidad, etc. Anthony Burgess ; [traducción de Aníbal Leal].
250 ## - MENCION DE EDICION
Mención de edición [1ª ed., 7ª reimp.].
260 ## - PUBLICACIÓN, DISTRIBUCIÓN, ETC.
Lugar de publicación, distribución, etc. Barcelona :
Nombre del editor, distribuidor, etc. Minotauro,
Fecha de publicación, distribución, etc. 1976 (
Fecha de fabricación/manufactura 1992 imp)
300 ## - DESCRIPCIÓN FÍSICA
Extensión 165 p ;
Dimensiones 21 cm.
700 1# - ENTRADA AGREGADA--NOMBRE PERSONAL
Nombre de persona Leal, Aníbal.
9 (RLIN) 70960
852 ## - LOCALIZACIÓN
Ubicación ES-MaACL
Número de control de estantería L-18176
Sublocalización o colección R.122925
Holdings
Estatus retirado Estado de pérdida Estado de daño No para préstamo Biblioteca de origen Biblioteca actual Ubicación en estantería Fecha de adquisición Fuente de adquisición Total de préstamos Signatura topográfica completa Código de barras Visto por última vez Precio de reemplazo Tipo de ítem Koha
        Biblioteca del Ateneo de Madrid Biblioteca del Ateneo de Madrid Depósito 2 17/01/2008     L-18176 1010982 23/02/2023 23/02/2023 Libro impreso